La venganza del doctor Nikola / (Record no. 152385)

MARC details
000 -LEADER
campo de control de longitud fija 00798nam a22002175i 4500
001 - NÚMERO DE CONTROL
campo de control 152385
003 - IDENTIFICADOR DE NÚMERO DE CONTROL
campo de control ES-MaACL
005 - FECHA Y HORA DE LA ÚLTIMA TRANSACCIÓN
campo de control 20230906204720.0
008 - DATOS DE LONGITUD FIJA--INFORMACIÓN GENERAL
campo de control de longitud fija 961110q1901 sp a |||| | spa d
040 ## - FUENTE DE CATALOGACIÓN
Centro catalogador/agencia de origen CARM
Lengua de catalogación spa
Centro/agencia transcriptor CCPB | SIC
100 1# - ENTRADA PRINCIPAL--NOMBRE DE PERSONA
Nombre de persona Boothby, Guy (
Fechas asociadas al nombre 1867-1905)
9 (RLIN) 126075
245 13 - MENCIÓN DEL TÍTULO
Título La venganza del doctor Nikola /
Mención de responsabilidad, etc. novela escrita en inglés por Guy Boothby.
260 ## - PUBLICACIÓN, DISTRIBUCIÓN, ETC.
Lugar de publicación, distribución, etc. [Madrid] :
Nombre del editor, distribuidor, etc. Biblioteca de Alrrededor del Mundo,
Fecha de publicación, distribución, etc. [19-?]
300 ## - DESCRIPCIÓN FÍSICA
Extensión 87 p. :
Otras características físicas il. ;
Dimensiones 27 cm.
490 1# - MENCIÓN DE SERIE
Mención de serie Biblioteca de Alrededor del Mundo
596 #1 - NOTA AL PIE DE IMPRENTA
NOTA AL PIE DE IMPRENTA Guido Newell Boothby escribió "La venganza del doctor Nikole" en 1901.
830 0# - PUNTO DE ACCESO ADICIONAL DE SERIE-TÍTULO UNIFORME
Título uniforme Biblioteca de Alrededor del Mundo
9 (RLIN) 187712
852 ## - LOCALIZACIÓN
Ubicación ES-MaACL
Número de control de estantería G-6060(7)
Nota libre -- Enc. hol. con otras obras
Holdings
Estatus retirado Estado de pérdida Estado de daño No para préstamo Colección Biblioteca de origen Biblioteca actual Ubicación en estantería Fecha de adquisición Total de préstamos Signatura topográfica completa Código de barras Visto por última vez Precio de reemplazo Tipo de ítem Koha
        Libros del s. XIX Biblioteca del Ateneo de Madrid Biblioteca del Ateneo de Madrid Depósito 2 17/01/2008   G-6060(7) 1159115 23/02/2023 23/02/2023 Libro impreso antiguo